000 00330nam a2200121 4500
008 240219b |||||||| |||| 00| 0 eng d
022 _a19972997
245 _aEthics in action-Vol. 7, no. 3 (June 2013)
260 _aHong Kong :
_bAsian human rights commission,
_c2013
300 _b115 p.
650 _aIslam -- Ethics
942 _cCR
999 _c4778
_d4778